Word Chain - Netherlands - Statistics

General Stats
  • This quiz has been taken 25 times
  • The average score is 14 of 20
Answer Stats
Hint Answer % Correct
Capital Amsterdam
100%
Language spoken in The Netherlands Dutch
96%
Currency it uses Euro
96%
Continent The Netherlands is in Europe
96%
Region that often used for the entire Netherlands Holland
96%
Sea that lies on the west coast North
96%
Iconic flower associated with The Netherlands Tulip
92%
Invented in the 16th century, this instrument can be used to see really small objects, starts with M Microscope
88%
Another River, 1230 km long, starts in Switzerland and empties into answer 1 Rhine
83%
Painter of the Nightwatch Rembrandt
79%
This province is in the center of The Netherlands. It's the 4th biggest city Utrecht
79%
Island, discovered by Roggeveen that has massive statues called Moai. Now belongs to Chile {Easter} Island
75%
Explorer responsible for the naming of New Zealand, as well as being the namesake for an Australian state Abel {Tasman}
71%
Royal house that ruled over The Netherlands from 1559 - 1795. The current King is of this house {Oranje}-Nassau
71%
National railway operator with trains in yellow and blue. It's abbreviation is only two letters NS (Nederlandse Spoorwegen)
58%
This nearly 1000 km river starts in France and ends in The Netherlands Meuse
46%
In 1815 Coenraad van Houten made this form of cocoa Cocoa {powder}
38%
First railroad that went from Amsterdam to this city Haarlem
38%
Miniature park of iconic Dutch buildings. Named after a resistance fighter {Maduro}dam
33%
Dutch philosopher 1632-1677, was also on the 1000 guilder note, starts with S Baruch {Spinoza}
17%
No matching quizzes found
Score Distribution
Percent of People with Each Score
Percentile by Number Answered
Your Score History
You have not taken this quiz